[Event "Titled Tuesday intern op 14th Dec"]
[Site "Chess.com INT"]
[Date "2021.12.14"]
[Round "9"]
[White "Gunduz, Umut Erdem"]
[Black "Korsunsky, Yuri"]
[Result "0-1"]
[WhiteElo "2252"]
[BlackElo "2394"]
[PlyCount "90"]
[EventDate "2021.12.14"]
[EventType "swiss (blitz)"]
[EventRounds "11"]
[EventCountry "USA"]
[SourceTitle "EXT 2023"]
[Source "ChessBase"]
[SourceDate "2022.10.05"]
[SourceVersion "1"]
[SourceVersionDate "2022.10.05"]
[SourceQuality "1"]

1. e4 d6 2. d4 Nf6 3. Nc3 g6 4. f4 Bg7 5. Nf3 c5 6. e5 Nfd7 7. exd6 0-0 8. Be2 Nc6 9. Be3 exd6 10. 0-0 Re8 11. Bf2 b6 12. d5 Ne7 13. Nb5 Nf6 14. c4 Ne4 15. Be1 Bxb2 16. Rb1 Bg7 17. Bd3 f5 18. Qc2 a6 19. Nc3 Nf6 20. Na4 b5 21. cxb5 Nexd5 22. b6 Bb7 23. Bc4 h6 24. Nc3 Kh7 25. Nxd5 Nxd5 26. Bd2 Nxb6 27. Ba5 Be4 28. Bd3 Rb8 29. Bxe4 fxe4 30. Nd2 Bd4+ 31. Kh1 d5 32. Nb3 Qd6 33. Nxd4 cxd4 34. f5 Nc4 35. fxg6+ Qxg6 36. Bd2 Rxb1 37. Rxb1 Rg8 38. Bf4 d3 39. Rb7+ Rg7 40. Rxg7+ Qxg7 41. Qc1 Qb2 42. Qxb2 Nxb2 43. Kg1 d4 44. Kf2 e3+ 45. Ke1 d2+ 0-1

[Event "Titled Tuesday intern op 14th Dec"]
[Site "Chess.com INT"]
[Date "2021.12.14"]
[Round "10"]
[White "Korsunsky, Yuri"]
[Black "Suvorov, Alexander David"]
[Result "1-0"]
[WhiteElo "2394"]
[BlackElo "2370"]
[PlyCount "57"]
[EventDate "2021.12.14"]
[EventType "swiss (blitz)"]
[EventRounds "11"]
[EventCountry "USA"]
[SourceTitle "EXT 2023"]
[Source "ChessBase"]
[SourceDate "2022.10.05"]
[SourceVersion "1"]
[SourceVersionDate "2022.10.05"]
[SourceQuality "1"]

1. e4 d6 2. d4 Nf6 3. Nc3 Nbd7 4. g3 e5 5. Bg2 g6 6. Nge2 Bg7 7. h3 0-0 8. Be3 Re8 9. d5 Rf8 10. g4 Ne8 11. Ng3 Bf6 12. Qd2 Bh4 13. 0-0-0 Ng7 14. Bh6 a6 15. Kb1 b5 16. Nce2 a5 17. Ng1 b4 18. Nf3 Be7 19. h4 Nf6 20. Bh3 Nxg4 21. h5 Nxh6 22. Qxh6 g5 23. Bxc8 Rxc8 24. Rdg1 Kh8 25. Nf5 Nxf5 26. exf5 Rg8 27. f6 Bf8 28. Nxg5 Rxg5 29. Qxg5 1-0

[Event "Titled Tuesday intern op 14th Dec"]
[Site "Chess.com INT"]
[Date "2021.12.14"]
[Round "11"]
[White "Nazaretyan, Tigran"]
[Black "Korsunsky, Yuri"]
[Result "0-1"]
[WhiteElo "2316"]
[BlackElo "2394"]
[PlyCount "82"]
[EventDate "2021.12.14"]
[EventType "swiss (blitz)"]
[EventRounds "11"]
[EventCountry "USA"]
[SourceTitle "EXT 2023"]
[Source "ChessBase"]
[SourceDate "2022.10.05"]
[SourceVersion "1"]
[SourceVersionDate "2022.10.05"]
[SourceQuality "1"]

1. d4 Nf6 2. c4 c5 3. d5 b5 4. cxb5 a6 5. bxa6 g6 6. Nc3 Bxa6 7. e4 Bxf1 8. Kxf1 d6 9. g3 Bg7 10. Kg2 0-0 11. Nf3 Nbd7 12. a4 Qb6 13. Qe2 Rfb8 14. Nb5 Ne8 15. Ra3 Nc7 16. Nxc7 Qxc7 17. b3 c4 18. bxc4 Nc5 19. h4 Nxa4 20. h5 Nc3 21. Qd3 Rxa3 22. Bxa3 Rb3 23. Bc1 Qb7 24. h6 Bf6 25. Bg5 Na4 26. Qc2 Nc5 27. Bxf6 exf6 28. Ra1 Kf8 29. Nd4 Rb2 30. Ra8+ Ke7 31. Nc6+ Kd7 32. Rd8+ Kc7 33. Qc3 Rxf2+ 34. Kh3 Qxc6 35. dxc6 Kxd8 36. Qa5+ Ke7 37. Qa7+ Ke6 38. Qb8 Nxe4 39. Qe8+ Kf5 40. c7 Ng5+ 41. Kh4 Rh2# 0-1

[Event "Titled Tuesday intern op 31st Aug"]
[Site "Chess.com INT"]
[Date "2021.08.31"]
[Round "11"]
[White "Weetik, Vjacheslav"]
[Black "Korsunsky, Yuri"]
[Result "1-0"]
[WhiteElo "2423"]
[BlackElo "2395"]
[PlyCount "47"]
[EventDate "2021.08.31"]
[EventType "swiss (blitz)"]
[EventRounds "11"]
[EventCountry "USA"]
[SourceTitle "EXT 2022"]
[Source "ChessBase"]
[SourceDate "2021.10.06"]
[SourceVersion "1"]
[SourceVersionDate "2021.10.06"]
[SourceQuality "1"]

1. b4 Nf6 2. Bb2 g6 3. g4 Bg7 4. g5 Nh5 5. d4 a5 6. b5 c5 7. e3 d5 8. Be2 cxd4 9. Bxd4 e5 10. Bb2 Qxg5 11. Qxd5 0-0 12. Nf3 Qg2 13. Rg1 Qh3 14. Ng5 Qxh2 15. Rh1 Qxh1+ 16. Qxh1 h6 17. Ne4 Be6 18. Bxh5 gxh5 19. Qxh5 Nd7 20. Nbd2 f5 21. Nd6 Nf6 22. Qg6 Rad8 23. Bxe5 Rxd6 24. Bxd6 1-0

[Event "EU-Cup 35th"]
[Site "Ulcinj"]
[Date "2019.11.15"]
[Round "6.29"]
[White "Korsunsky, Yuri"]
[Black "Quinn, John M"]
[Result "1-0"]
[WhiteElo "2397"]
[BlackElo "2158"]
[PlyCount "95"]
[EventDate "2019.11.10"]
[EventType "team-swiss"]
[EventRounds "7"]
[EventCountry "MNE"]
[SourceTitle "EXT 2021"]
[Source "ChessBase"]
[SourceDate "2020.10.23"]
[SourceVersion "1"]
[SourceVersionDate "2020.10.23"]
[SourceQuality "1"]
[WhiteTeam "Perfect"]
[BlackTeam "Celtic Tigers"]
[WhiteTeamCountry "RUS"]
[BlackTeamCountry "ENG"]

1. e4 c5 2. c3 Nf6 3. e5 Nd5 4. d4 cxd4 5. Nf3 e6 6. cxd4 d6 7. Bd3 Nb4 8. Be2 dxe5 9. Nxe5 Qxd4 10. Nd3 Nxd3+ 11. Bxd3 Bb4+ 12. Kf1 Nc6 13. Nc3 0-0 14. Be3 Qe5 15. Qc2 Bxc3 16. bxc3 b6 17. Bxh7+ Kh8 18. Qe4 Ba6+ 19. Kg1 Qh5 20. Qxc6 Qxh7 21. h4 Rac8 22. Qd7 Qe4 23. Rh3 Bb7 24. Rg3 e5 25. Rg4 Qd5 26. Rd1 Qxd7 27. Rxd7 Rb8 28. Re7 Bc8 29. Rg5 Be6 30. Rxe5 a5 31. Bd4 Rfe8 32. Rxe8+ Rxe8 33. Bxb6 a4 34. Bd4 Ra8 35. a3 Rd8 36. Rg5 f6 37. Ra5 Bb3 38. Ra7 Rf8 39. g4 Rf7 40. Ra8+ Kh7 41. Kh2 f5 42. g5 Kg6 43. f4 Re7 44. Kg3 Bd1 45. Rd8 Bb3 46. Bc5 Rb7 47. Rd6+ Kf7 48. h5 1-0

[Event "EU-Cup 32nd"]
[Site "Novi Sad"]
[Date "2016.11.12"]
[Round "7.1"]
[White "Korsunsky, Yuri"]
[Black "Petrov, Nikita"]
[Result "1/2-1/2"]
[WhiteElo "2411"]
[BlackElo "2509"]
[PlyCount "60"]
[EventDate "2016.11.06"]
[EventType "team-swiss"]
[EventRounds "7"]
[EventCountry "SRB"]
[SourceTitle "CBM 176"]
[Source "ChessBase"]
[SourceDate "2017.01.17"]
[SourceVersion "1"]
[SourceVersionDate "2017.01.17"]
[SourceQuality "1"]
[WhiteTeam "Perfect"]
[BlackTeam "Geneve"]
[WhiteTeamCountry "RUS"]
[BlackTeamCountry "SUI"]

1. e4 e5 2. Nf3 Nc6 3. Bb5 a6 4. Bxc6 dxc6 5. d4 exd4 6. Qxd4 Qxd4 7. Nxd4 Bd6 8. 0-0 Ne7 9. Nc3 0-0 10. f4 f5 11. e5 Bc5 12. Be3 Bxd4 13. Bxd4 Rd8 14. Bf2 Ng6 15. Be3 Be6 16. Rad1 b6 17. b3 Kf7 18. Ne2 Ke7 19. Kf2 Bd5 20. Rd2 Be4 21. Rfd1 Rxd2 22. Rxd2 c5 23. Nc3 Bc6 24. Ke2 Rd8 25. Rxd8 Kxd8 26. Kd3 Ke7 27. g3 Ke6 28. Ne2 Ne7 29. c4 Kd7 30. Kc3 Ke6 1/2-1/2

[Event "EU-Cup 32nd"]
[Site "Novi Sad"]
[Date "2016.11.11"]
[Round "6.1"]
[White "Kharchenko, Boris"]
[Black "Korsunsky, Yuri"]
[Result "1-0"]
[WhiteElo "2450"]
[BlackElo "2411"]
[PlyCount "94"]
[EventDate "2016.11.06"]
[EventType "team-swiss"]
[EventRounds "7"]
[EventCountry "SRB"]
[SourceTitle "CBM 176"]
[Source "ChessBase"]
[SourceDate "2017.01.17"]
[SourceVersion "1"]
[SourceVersionDate "2017.01.17"]
[SourceQuality "1"]
[WhiteTeam "LugPokerChess"]
[BlackTeam "Perfect"]
[WhiteTeamCountry "RUS"]
[BlackTeamCountry "RUS"]

1. e4 c5 2. Nf3 d6 3. c3 Nf6 4. Bd3 Nc6 5. h3 e5 6. 0-0 d5 7. exd5 Nxd5 8. Bb5 Bd6 9. Re1 0-0 10. Bxc6 bxc6 11. Nxe5 Bxe5 12. Rxe5 Nf4 13. d4 Ne6 14. Na3 cxd4 15. cxd4 Qxd4 16. Qxd4 Nxd4 17. Be3 Nf5 18. Rc1 Be6 19. b3 Nxe3 20. Rxe3 Bd5 21. Nc4 Rfe8 22. Rxe8+ Rxe8 23. Ne3 Kf8 24. Nxd5 cxd5 25. Kf1 a6 26. Rc5 Re6 27. Rxd5 Rc6 28. Ke2 Rc2+ 29. Rd2 Rc6 30. Kd3 Ke7 31. Rc2 Rd6+ 32. Kc3 Rc6+ 33. Kb2 Rg6 34. f3 Kd7 35. b4 h5 36. Kb3 h4 37. a4 Rg5 38. b5 a5 39. Kc4 Kd6 40. Kd4 Rd5+ 41. Ke3 Re5+ 42. Kf2 Rd5 43. Rc6+ Ke5 44. Ke3 Rd1 45. Ra6 Rb1 46. Rxa5 Kf5 47. Ra7 Rb2 1-0

[Event "EU-Cup 28th"]
[Site "Eilat"]
[Date "2012.10.15"]
[Round "5.2"]
[White "Teterev, Vitaly"]
[Black "Korsunsky, Yuri"]
[Result "1-0"]
[WhiteElo "2529"]
[BlackElo "2419"]
[PlyCount "81"]
[EventDate "2012.10.11"]
[EventType "team-swiss"]
[EventRounds "7"]
[EventCountry "ISR"]
[SourceTitle "CBM 151"]
[Source "ChessBase"]
[SourceDate "2012.11.13"]
[SourceVersion "1"]
[SourceVersionDate "2012.11.13"]
[SourceQuality "1"]
[WhiteTeam "Vesnianka Gran"]
[BlackTeam "Perfect"]
[WhiteTeamCountry "BLR"]
[BlackTeamCountry "RUS"]

1. e4 d6 2. d4 Nf6 3. Nc3 g6 4. Nf3 Bg7 5. h3 0-0 6. Be3 a6 7. a4 b6 8. Bd3 Bb7 9. 0-0 Nbd7 10. Re1 e5 11. Qd2 exd4 12. Bxd4 Re8 13. Re2 c5 14. Bxf6 Nxf6 15. Bc4 Nxe4 16. Rxe4 Rxe4 17. Nxe4 Bxe4 18. Bxf7+ Kxf7 19. Ng5+ Kg8 20. Nxe4 d5 21. Rd1 d4 22. Qd3 Qd5 23. c4 Qc6 24. b3 Re8 25. Re1 Re7 26. Re2 Bf6 27. Kf1 Kg7 28. Qf3 Be5 29. Qd3 Bf6 30. Nd2 Rxe2 31. Qxe2 Qd6 32. Qd3 Qf4 33. Ke2 h5 34. Ne4 a5 35. Nd2 Bg5 36. Nf3 Qc1 37. Ne5 Qb2+ 38. Kf3 Qc3 39. Ke4 Kf6 40. f4 Qe1+ 41. Kd5 1-0

[Event "EU-Cup 28th"]
[Site "Eilat"]
[Date "2012.10.14"]
[Round "4.2"]
[White "Korsunsky, Yuri"]
[Black "Moen, Andreas"]
[Result "1/2-1/2"]
[WhiteElo "2419"]
[BlackElo "2377"]
[PlyCount "50"]
[EventDate "2012.10.11"]
[EventType "team-swiss"]
[EventRounds "7"]
[EventCountry "ISR"]
[SourceTitle "CBM 151"]
[Source "ChessBase"]
[SourceDate "2012.11.13"]
[SourceVersion "1"]
[SourceVersionDate "2012.11.13"]
[SourceQuality "1"]
[WhiteTeam "Perfect"]
[BlackTeam "Oslo Schakselskap"]
[WhiteTeamCountry "RUS"]
[BlackTeamCountry "NOR"]

1. d4 d5 2. c4 c6 3. Nf3 Nf6 4. Nc3 e6 5. e3 Nbd7 6. Qc2 Bd6 7. b3 0-0 8. Be2 e5 9. cxd5 cxd5 10. dxe5 Nxe5 11. 0-0 Bg4 12. Nd4 Rc8 13. Bb2 Ne4 14. Rac1 Bb4 15. Bxg4 Nxg4 16. Qe2 Ngxf2 17. Nxe4 Nxe4 18. Rxc8 Qxc8 19. Nf5 f6 20. Qb5 Qc5 21. Qxb7 Rf7 22. Qa8+ Rf8 23. Qb7 Rf7 24. Qa8+ Rf8 25. Qb7 Rf7 1/2-1/2

[Event "EU-Cup 28th"]
[Site "Eilat"]
[Date "2012.10.13"]
[Round "3.2"]
[White "Pelletier, Yannick"]
[Black "Korsunsky, Yuri"]
[Result "1-0"]
[WhiteElo "2601"]
[BlackElo "2419"]
[PlyCount "73"]
[EventDate "2012.10.11"]
[EventType "team-swiss"]
[EventRounds "7"]
[EventCountry "ISR"]
[SourceTitle "CBM 151"]
[Source "ChessBase"]
[SourceDate "2012.11.13"]
[SourceVersion "1"]
[SourceVersionDate "2012.11.13"]
[SourceQuality "1"]
[WhiteTeam "Zuerich SG"]
[BlackTeam "Perfect"]
[WhiteTeamCountry "SUI"]
[BlackTeamCountry "RUS"]

1. Nf3 g6 2. c4 Bg7 3. Nc3 d6 4. d4 Bg4 5. e3 Nf6 6. h3 Bf5 7. g4 Bc8 8. Bg2 0-0 9. 0-0 Na6 10. b3 c5 11. Bb2 cxd4 12. exd4 d5 13. Ne5 Nc7 14. Re1 Be6 15. Qe2 Rc8 16. Rad1 Qd6 17. c5 Qd8 18. b4 Nd7 19. f4 f6 20. Nxd7 Qxd7 21. b5 b6 22. c6 Qd6 23. f5 gxf5 24. gxf5 Bxf5 25. Qxe7 Qg3 26. Qe3 Qg6 27. Qf3 Kh8 28. Nxd5 Nxd5 29. Qxd5 Bxh3 30. Rd2 Rg8 31. Rf2 Qg3 32. Qf3 Bh6 33. Qxg3 Rxg3 34. d5 Be3 35. Rxe3 Rxe3 36. Bxf6+ Kg8 37. d6 1-0

[Event "EU-Cup 27th"]
[Site "Rogaska Slatina"]
[Date "2011.09.29"]
[Round "5"]
[White "Genutis, Mindaugas"]
[Black "Korsunsky, Yuri"]
[Result "1-0"]
[WhiteElo "2313"]
[BlackElo "2419"]
[PlyCount "63"]
[EventDate "2011.09.25"]
[EventType "team-swiss"]
[EventRounds "7"]
[EventCountry "SLO"]
[SourceTitle "CBM 145"]
[Source "ChessBase"]
[SourceDate "2011.11.11"]
[SourceVersion "1"]
[SourceVersionDate "2011.11.11"]
[SourceQuality "1"]
[WhiteTeam "Vilnius"]
[BlackTeam "Perfect"]
[WhiteTeamCountry "LTU"]
[BlackTeamCountry "RUS"]

1. d4 e6 2. g3 d5 3. c4 c5 4. Nf3 Nc6 5. Bg2 Nf6 6. 0-0 Be7 7. Nc3 0-0 8. cxd5 exd5 9. Bg5 c4 10. Ne5 Be6 11. Nxc6 bxc6 12. b3 Qa5 13. Na4 cxb3 14. axb3 Qb4 15. Bc1 Rfb8 16. Ba3 Qb7 17. Bxe7 Qxe7 18. Nc5 Nd7 19. Na6 Rc8 20. Qc2 c5 21. Nxc5 Nxc5 22. dxc5 Rxc5 23. Qa2 Rb5 24. Rfd1 a5 25. Rd4 Rab8 26. Qd2 Qd6 27. Rd1 Rxb3 28. Bxd5 Rb2 29. Qxa5 Rxe2 30. Bf3 Bb3 31. Bxe2 Bxd1 32. Rxd1 1-0

[Event "Montecatini Terme op 8th"]
[Site "Montecatini Terme"]
[Date "1999.08.05"]
[Round "6"]
[White "Korsunsky, Yuri"]
[Black "Schaefer, Michael"]
[Result "1-0"]
[WhiteElo "2418"]
[BlackElo "2231"]
[PlyCount "83"]
[EventDate "1999.07.31"]
[EventType "swiss"]
[EventRounds "9"]
[EventCountry "ITA"]
[SourceTitle "EXT 2000"]
[Source "ChessBase"]
[SourceDate "1999.11.16"]
[SourceVersion "1"]
[SourceVersionDate "1999.11.16"]
[SourceQuality "1"]

1. d4 Nf6 2. c4 g6 3. Nc3 d5 4. cxd5 Nxd5 5. e4 Nxc3 6. bxc3 Bg7 7. Bb5+ c6 8. Ba4 a5 9. Ne2 b5 10. Bc2 Na6 11. 0-0 0-0 12. Bg5 Ra7 13. Qd2 c5 14. Bh6 e5 15. d5 c4 16. Be3 Rb7 17. f4 f6 18. f5 Rff7 19. fxg6 hxg6 20. Rf3 Bf8 21. Raf1 Bc5 22. Bxc5 Nxc5 23. Qh6 Bg4 24. Qxg6+ Rg7 25. Qh6 Bxf3 26. Rxf3 b4 27. Ng3 b3 28. Bb1 Qf8 29. Rxf6 Rbf7 30. Rxf7 Qxf7 31. Nf5 Nxe4 32. Bxe4 bxa2 33. Qc1 Qa7+ 34. Kf1 Rf7 35. Qg5+ Kh8 36. Qd8+ Kh7 37. Ke2 a1Q 38. Nd4+ Kh6 39. Qh4+ Kg7 40. Ne6+ Kg8 41. Qd8+ Rf8 42. Qxf8# 1-0

[Event "Tanta op 2nd"]
[Site "Tanta"]
[Date "1998.11.19"]
[Round "4"]
[White "Himdan, Maher"]
[Black "Korsunsky, Yuri"]
[Result "1-0"]
[WhiteElo "2365"]
[BlackElo "2415"]
[PlyCount "107"]
[EventDate "1998.11.16"]
[EventType "swiss"]
[EventRounds "9"]
[EventCountry "EGY"]
[SourceTitle "CBM 067 Extra"]
[Source "ChessBase"]
[SourceDate "1999.01.01"]
[SourceVersion "1"]
[SourceVersionDate "1999.01.01"]
[SourceQuality "1"]

1. e4 d6 2. d4 Nf6 3. Nc3 g6 4. Bg5 c6 5. Qd2 h6 6. Bh4 Bg7 7. f4 0-0 8. Nf3 d5 9. Bd3 dxe4 10. Nxe4 Nbd7 11. Nxf6+ Nxf6 12. 0-0 Qb6 13. c3 c5 14. Bf2 cxd4 15. Bxd4 Qa5 16. Rfd1 Bg4 17. Ne5 e6 18. Nc4 Qc7 19. Ne3 Bf5 20. Nxf5 gxf5 21. h3 Nd7 22. Bxg7 Kxg7 23. Qf2 Rg8 24. Rac1 Nf6 25. Bc2 Qb6 26. Qxb6 axb6 27. a3 Nh5 28. Rd4 Kf6 29. Bd1 Ng3 30. Bf3 h5 31. Rcd1 h4 32. Rb4 Rad8 33. Rdd4 Rxd4 34. Rxd4 Rc8 35. Kf2 Ke7 36. Rb4 Ne4+ 37. Bxe4 fxe4 38. Rxe4 Kf6 39. Re5 Rd8 40. Ke2 Rg8 41. Kf2 Rd8 42. Rb5 Rd2+ 43. Kf3 Rd3+ 44. Ke2 Rg3 45. Kf1 Rd3 46. Rxb6 Kf5 47. Rxb7 f6 48. Rb4 e5 49. fxe5 fxe5 50. Ke2 e4 51. Rb5+ Kf6 52. a4 Rg3 53. a5 Rxg2+ 54. Ke3 1-0

[Event "Tanta op 2nd"]
[Site "Tanta"]
[Date "1998.11.17"]
[Round "2"]
[White "Kobese, Watu"]
[Black "Korsunsky, Yuri"]
[Result "1-0"]
[WhiteElo "2415"]
[BlackElo "2415"]
[PlyCount "77"]
[EventDate "1998.11.16"]
[EventType "swiss"]
[EventRounds "9"]
[EventCountry "EGY"]
[SourceTitle "CBM 067 Extra"]
[Source "ChessBase"]
[SourceDate "1999.01.01"]
[SourceVersion "1"]
[SourceVersionDate "1999.01.01"]
[SourceQuality "1"]

1. e4 d6 2. d4 Nf6 3. Nc3 g6 4. h3 Bg7 5. Nf3 0-0 6. Be3 a6 7. a4 b6 8. Bd3 Bb7 9. Qd2 c5 10. d5 Re8 11. 0-0 Nbd7 12. Bc4 Qc7 13. Rad1 Reb8 14. b3 Bc8 15. Nh2 Qd8 16. Bh6 Qf8 17. Bxg7 Qxg7 18. Rfe1 Ne8 19. f4 Nc7 20. Ra1 Nf8 21. e5 Bd7 22. Ne4 b5 23. axb5 axb5 24. Rxa8 Rxa8 25. Bf1 Ra6 26. Nf3 Bf5 27. Nc3 b4 28. Na4 Ra7 29. g4 Bc8 30. Nb6 Ba6 31. Bxa6 Rxa6 32. Nc8 f5 33. exf6 Qxf6 34. Nxe7+ Kh8 35. f5 gxf5 36. Nxf5 Ra1 37. Rxa1 Qxa1+ 38. Kg2 Ng6 39. Qg5 1-0

[Event "Meisdorf op"]
[Site "Meisdorf"]
[Date "1996.04.??"]
[Round "?"]
[White "Korsunsky, Yuri"]
[Black "Lutz, Christopher"]
[Result "0-1"]
[WhiteElo "2415"]
[BlackElo "2555"]
[PlyCount "102"]
[EventDate "1996.04.10"]
[EventType "swiss"]
[EventRounds "7"]
[EventCountry "GER"]
[SourceTitle "EXT 1997"]
[Source "ChessBase"]
[SourceDate "1996.11.15"]
[SourceVersion "1"]
[SourceVersionDate "1996.11.15"]
[SourceQuality "1"]

1. d4 f5 2. g3 Nf6 3. Bg2 g6 4. Nh3 Bg7 5. Nf4 0-0 6. h4 d6 7. d5 c6 8. h5 Qe8 9. hxg6 hxg6 10. Nc3 Na6 11. e4 e5 12. dxe6 Bxe6 13. Be3 Rd8 14. Nxe6 Qxe6 15. exf5 gxf5 16. Kf1 Ng4 17. Bxa7 Nc5 18. Qe2 Qf7 19. Bf3 Rde8 20. Qd2 Qg6 21. Re1 Rxe1+ 22. Kxe1 Bh6 23. Qd4 Bg7 24. Qc4+ Ne6 25. Bxg4 fxg4 26. Qd3 Qxd3 27. cxd3 c5 28. Rh4 Ra8 29. Nb5 Bxb2 30. Rxg4+ Kf8 31. a4 Nd4 32. Bb6 Rxa4 33. Nxd6 Nf3+ 34. Ke2 Ng1+ 35. Kf1 Rxg4 36. Kxg1 Bd4 37. Ne4 Rg6 38. Bxc5+ Bxc5 39. Nxc5 b6 40. Nd7+ Ke7 41. Ne5 Rg8 42. g4 b5 43. Kf1 Kd6 44. d4 Kd5 45. Ke2 Kxd4 46. f4 Kc3 47. Kf3 b4 48. Nd7 Kd4 49. f5 b3 50. f6 b2 51. f7 Rd8 0-1

[Event "New York Marshall"]
[Site "New York"]
[Date "1993.??.??"]
[Round "?"]
[White "Korsunsky, Yuri"]
[Black "Ginsburg, Mark"]
[Result "1-0"]
[WhiteElo "2425"]
[BlackElo "2405"]
[PlyCount "25"]
[EventDate "1993.??.??"]
[EventType "tourn"]
[EventRounds "9"]
[EventCountry "USA"]
[SourceTitle "EXT 1999"]
[Source "ChessBase"]
[SourceDate "1998.11.16"]
[SourceVersion "1"]
[SourceVersionDate "1998.11.16"]
[SourceQuality "1"]

1. d4 Nf6 2. c4 e6 3. g3 Bb4+ 4. Bd2 a5 5. Bg2 d6 6. Nf3 Nbd7 7. 0-0 e5 8. Bg5 exd4 9. Nxd4 0-0 10. a3 Bc5 11. b3 h6 12. Bc1 c6 13. Bb2 1-0

[Event "New York Marshall"]
[Site "New York"]
[Date "1993.??.??"]
[Round "?"]
[White "Shirazi, Kamran"]
[Black "Korsunsky, Yuri"]
[Result "1-0"]
[WhiteElo "2460"]
[BlackElo "2425"]
[PlyCount "49"]
[EventDate "1993.??.??"]
[EventType "tourn"]
[EventRounds "9"]
[EventCountry "USA"]
[SourceTitle "EXT 1999"]
[Source "ChessBase"]
[SourceDate "1998.11.16"]
[SourceVersion "1"]
[SourceVersionDate "1998.11.16"]
[SourceQuality "1"]

1. e4 d6 2. d4 Nf6 3. Nc3 g6 4. h4 Bg7 5. Be2 c5 6. dxc5 Qa5 7. Bd2 Qxc5 8. h5 gxh5 9. Bxh5 Nc6 10. Be2 d5 11. exd5 Nxd5 12. Nxd5 Qxd5 13. Rh5 Bf5 14. c3 Rd8 15. g4 Qg2 16. gxf5 Qxg1+ 17. Bf1 Rd5 18. Qf3 Re5+ 19. Be3 e6 20. f6 Bxf6 21. Qxf6 Rxe3+ 22. fxe3 Qxe3+ 23. Kd1 Rg8 24. Rxh7 Ne5 25. Bb5+ 1-0